| 000 | 00983nam a2200241Ia 4500 | ||
|---|---|---|---|
| 001 | 1006 | ||
| 003 | GE_BSU | ||
| 008 | 181216s||||||||xx |||||||||||||| ||und|| | ||
| 020 | _a5691003453(I) | ||
| 040 | _cGE_BSU | ||
| 080 | _a94(4) | ||
| 100 | _aПономарев,М.В.Смирнова,С.Ю. | ||
| 245 | _aНовая и новейшая история стран Европы и Америки.1.Предмет и периодизация курса.Европейская цивилизация вXVI-XVIIвв.Век просвещения-период становления индустриального общества | ||
| 245 | _bУчебное пособие для студ. высш. уч. завед. | ||
| 260 | _aМ | ||
| 260 | _bВладос | ||
| 260 | _c2000 | ||
| 300 | _a288стр. | ||
| 541 | _h10л. | ||
| 653 | _aИстория | ||
| 653 | _aНовая и новейшая история стран Европы и Америки. | ||
| 942 | _cBK | ||
| 999 |
_c35163 _d35163 |
||